প্রাণাধিকা / (Record no. 1069755)

MARC details
000 -LEADER
fixed length control field 01030nam a2200313 a 4500
001 - CONTROL NUMBER
control field vtls001619617
003 - CONTROL NUMBER IDENTIFIER
control field NLI
005 - DATE AND TIME OF LATEST TRANSACTION
control field 20220823072531.0
008 - FIXED-LENGTH DATA ELEMENTS--GENERAL INFORMATION
fixed length control field 121214s1968 ii 000 1 asm
020 ## - INTERNATIONAL STANDARD BOOK NUMBER
Terms of availability Rs. 4.00
040 ## - CATALOGING SOURCE
Original cataloging agency NLI
Language of cataloging asmeng
Transcribing agency Datasoft_Assamese
Description conventions AACR2
041 0# - LANGUAGE CODE
Language code of text/sound track or separate title asm
044 ## - COUNTRY OF PUBLISHING/PRODUCING ENTITY CODE
MARC country code ii
082 04 - DEWEY DECIMAL CLASSIFICATION NUMBER
Classification number 891.493
100 0# - MAIN ENTRY--PERSONAL NAME
Linkage 880-01
Personal name চৈয়দ আব্দুল মালিক
245 10 - TITLE STATEMENT
Linkage 880-02
Title প্রাণাধিকা /
Statement of responsibility, etc. চৈয়দ আব্দুল মালিক
260 ## - PUBLICATION, DISTRIBUTION, ETC.
Place of publication, distribution, etc. গুৱাহাটি :
Name of publisher, distributor, etc. নিউ বুক ষ্টল,
Date of publication, distribution, etc. 1968
300 ## - PHYSICAL DESCRIPTION
Extent 149 p. ;
Dimensions 21 cm.
650 #0 - SUBJECT ADDED ENTRY--TOPICAL TERM
Topical term or geographic name entry element Assamese fiction
9 (RLIN) 678390
880 ## - ALTERNATE GRAPHIC REPRESENTATION
Linkage 100-01(B
a Caiyyad Ābdul Mālik
880 10 - ALTERNATE GRAPHIC REPRESENTATION
Linkage 245-02(B
a Prāṇādhikā /
c Caiyyad Ābdul Mālik
887 ## - NON-MARC INFORMATION FIELD
Content of non-MARC field Dipankar Mal (Soumya)
887 ## - NON-MARC INFORMATION FIELD
Content of non-MARC field Edited by TinkletinB
901 ## - LOCAL DATA ELEMENT A, LDA (RLIN)
a 1809
b 06.08.1969
902 ## - LOCAL DATA ELEMENT B, LDB (RLIN)
a A 891.493 A 231 pr
904 ## - LOCAL DATA ELEMENT D, LDD (RLIN)
c Dipankar Mal (Soumya)
l 8472
942 ## - ADDED ENTRY ELEMENTS (KOHA)
Source of classification or shelving scheme Dewey Decimal Classification
Koha item type Books
949 ## - LOCAL PROCESSING INFORMATION (OCLC)
6 DBA000001809ASM
Holdings
Withdrawn status Lost status Damaged status Not for loan Collection code Home library Current library Shelving location Date acquired Total Checkouts Full call number Barcode Date last seen Price effective from Koha item type
        Assamese National Library of India National Library of India Assamese - Books - Main Stack Division     A 891.493 A 231 pr DBA000001809ASM 28/06/2021 28/06/2021 Books
                                                                           
web counter

Copyright ©2020 The National Library of India, Govt. of India ↔ Hosted by NVLI, MOC ↔ Technology and Design by National Library of India, Ministry of Culture, Govt. of India